NFL Players with OPOY Votes - Statistics

General Stats
  • This quiz has been taken 32 times
    2 since last reset
  • The average score is 303 of 325
Answer Stats
Year Team Player % Correct
2021: 4 Packers QB Aaron Rodgers
100%
2020: 3 Packers QB Aaron Rodgers
100%
2016: 2 Packers QB Aaron Rodgers
100%
2014: 2 Packers QB Aaron Rodgers
100%
2012: 5 Packers QB Aaron Rodgers
100%
2011: 2 Packers QB Aaron Rodgers
100%
2010: 6 Packers QB Aaron Rodgers
100%
2015: 7 Vikings RB Adrian Peterson
100%
2012: 1 Vikings RB Adrian Peterson
100%
2008: 3 Vikings RB Adrian Peterson
100%
2022: 11 Eagles WR A.J. Brown
100%
2020: 6 Saints RB Alvin Kamara
100%
2024: 12 Lions WR Amon-Ra St. Brown
100%
1981: 10 Bengals OT Anthony Munoz
100%
2017: 2 Steelers WR Antonio Brown
100%
2015: 2 Steelers WR Antonio Brown
100%
2014: 3 Steelers WR Antonio Brown
100%
2010: 3 Texans RB Arian Foster
100%
2024: 14 Buccaneers QB Baker Mayfield
100%
1992: 2 Steelers RB Barry Foster
100%
1997: 1 Lions RB Barry Sanders
100%
1995: 5 Lions RB Barry Sanders
100%
1994: 1 Lions RB Barry Sanders
100%
1991: 3 Lions RB Barry Sanders
100%
1990: 4 Lions RB Barry Sanders
100%
1987: 4 Browns QB Bernie Kosar
100%
1976: 1 Colts QB Bert Jones
100%
2025: 4 Falcons RB Bijan Robinson
100%
1977: 2 Dolphins QB Bob Griese
100%
1988: 2 Bengals QB Boomer Esiason
100%
2007: 3 Packers QB Brett Favre
100%
2001: 3 Packers QB Brett Favre
100%
1997: 3 Packers QB Brett Favre
100%
1996: 2 Packers QB Brett Favre
100%
1995: 1 Packers QB Brett Favre
100%
2023: 7 49ers QB Brock Purdy
100%
2012: 4 Lions WR Calvin Johnson
100%
2015: 1 Panthers QB Cam Newton
100%
2015: 5 Cardinals QB Carson Palmer
100%
2005: 5 Bengals QB Carson Palmer
100%
2023: 3 Cowboys WR CeeDee Lamb
100%
2009: 1 Titans RB Chris Johnson
100%
2025: 2 49ers RB Christian McCaffrey
100%
2023: 1 49ers RB Christian McCaffrey
100%
2022: 7 49ers RB Christian McCaffrey
100%
2019: 3 Panthers RB Christian McCaffrey
100%
1976: 4 Raiders WR Cliff Branch
100%
2021: 1 Rams WR Cooper Kupp
100%
1994: 4 Vikings WR Cris Carter
100%
2004: 4 Jets RB Curtis Martin
100%
1983: 8 Seahawks RB Curt Warner
100%
2023: 5 Cowboys QB Dak Prescott
100%
1982: 1 Chargers QB Dan Fouts
100%
1981: 5 Chargers QB Dan Fouts
100%
1980: 3 Chargers QB Dan Fouts
100%
1979: 2 Chargers QB Dan Fouts
100%
1988: 5 Dolphins QB Dan Marino
100%
1986: 2 Dolphins QB Dan Marino
100%
1985: 4 Dolphins QB Dan Marino
100%
1984: 1 Dolphins QB Dan Marino
100%
1983: 3 Dolphins QB Dan Marino
100%
1982: 5 Cowboys QB Danny White
100%
2004: 2 Vikings QB Daunte Culpepper
100%
2016: 3 Cardinals RB David Johnson
100%
2018: 4 Texans WR DeAndre Hopkins
100%
2017: 4 Texans WR DeAndre Hopkins
100%
2008: 5 Panthers RB DeAngelo Williams
100%
2016: 8 Raiders QB Derek Carr
100%
2024: 4 Ravens RB Derrick Henry
100%
2022: 12 Titans RB Derrick Henry
100%
2020: 1 Titans RB Derrick Henry
100%
2010: 5 Eagles WR DeSean Jackson
100%
2003: 7 Saints RB Deuce McAllister
100%
1989: 3 Packers QB Don Majkowski
100%
2000: 4 Eagles QB Donovan McNabb
100%
2025: 5 Patriots QB Drake Maye
100%
2018: 2 Saints QB Drew Brees
100%
2016: 7 Saints QB Drew Brees
100%
2013: 5 Saints QB Drew Brees
100%
2011: 1 Saints QB Drew Brees
100%
2009: 2 Saints QB Drew Brees
100%
2008: 1 Saints QB Drew Brees
100%
2006: 2 Saints QB Drew Brees
100%
2004: 5 Chargers QB Drew Brees
100%
1980: 1 Oilers RB Earl Campbell
100%
1979: 1 Oilers RB Earl Campbell
100%
1978: 1 Oilers RB Earl Campbell
100%
1988: 4 Bengals WR Eddie Brown
100%
2000: 2 Titans RB Eddie George
100%
2000: 3 Colts RB Edgerrin James
100%
1999: 3 Colts RB Edgerrin James
100%
1995: 2 Cowboys RB Emmitt Smith
100%
1993: 3 Cowboys RB Emmitt Smith
100%
1992: 3 Cowboys RB Emmitt Smith
100%
1986: 1 Rams RB Eric Dickerson
100%
1984: 2 Rams RB Eric Dickerson
100%
1983: 2 Rams RB Eric Dickerson
100%
2016: 5 Cowboys RB Ezekiel Elliott
100%
1972: 5 Steelers RB Franco Harris
100%
2024: 15 49ers TE George Kittle
100%
1981: 4 Saints RB George Rogers
100%
1973: 3 Rams WR Harold Jackson
100%
1988: 6 Cowboys RB Herschel Walker
100%
1996: 5 Rams WR Isaac Bruce
100%
2024: 8 Lions RB Jahmyr Gibbs
100%
2022: 3 Eagles QB Jalen Hurts
100%
2013: 3 Chiefs RB Jamaal Charles
100%
1998: 4 Falcons RB Jamal Anderson
100%
2003: 1 Ravens RB Jamal Lewis
100%
2024: 3 Bengals WR Ja'Marr Chase
100%
2024: 9 Lions QB Jared Goff
100%
2025: 1 Seahawks WR Jaxon Smith-Njigba
100%
2024: 19 Commanders QB Jayden Daniels
100%
1996: 4 Steelers RB Jerome Bettis
100%
1996: 6 49ers WR Jerry Rice
100%
1995: 3 49ers WR Jerry Rice
100%
1994: 3 49ers WR Jerry Rice
100%
1993: 1 49ers WR Jerry Rice
100%
1990: 5 49ers WR Jerry Rice
100%
1989: 2 49ers WR Jerry Rice
100%
1987: 1 49ers WR Jerry Rice
100%
1986: 3 49ers WR Jerry Rice
100%
1992: 6 Bills QB Jim Kelly
100%
1991: 2 Bills QB Jim Kelly
100%
1990: 7 Bills QB Jim Kelly
100%
1979: 6 Seahawks QB Jim Zorn
100%
1978: 3 Seahawks QB Jim Zorn
100%
2024: 5 Bengals QB Joe Burrow
100%
2022: 9 Bengals QB Joe Burrow
100%
1990: 3 49ers QB Joe Montana
100%
1989: 1 49ers QB Joe Montana
100%
1987: 2 49ers QB Joe Montana
100%
1984: 4 49ers QB Joe Montana
100%
1983: 5 49ers QB Joe Montana
100%
1981: 3 49ers QB Joe Montana
100%
1972: 8 Jets QB Joe Namath
100%
1983: 1 Redskins QB Joe Theismann
100%
1996: 3 Broncos QB John Elway
100%
1993: 4 Broncos QB John Elway
100%
1987: 3 Broncos QB John Elway
100%
1986: 6 Broncos QB John Elway
100%
1980: 4 Chargers WR John Jefferson
100%
2021: 2 Colts RB Jonathan Taylor
100%
2025: 6 Bills QB Josh Allen
100%
2024: 6 Bills QB Josh Allen
100%
2023: 6 Bills QB Josh Allen
100%
2022: 8 Bills QB Josh Allen
100%
2020: 4 Bills QB Josh Allen
100%
2024: 16 Packers RB Josh Jacobs
100%
2022: 5 Raiders RB Josh Jacobs
100%
2015: 6 Falcons WR Julio Jones
100%
2024: 7 Vikings WR Justin Jefferson
100%
2022: 1 Vikings WR Justin Jefferson
100%
1982: 6 Chargers TE Kellen Winslow
100%
1981: 11 Chargers TE Kellen Winslow
100%
1981: 1 Bengals QB Ken Anderson
100%
1975: 5 Bengals QB Ken Anderson
100%
2001: 2 Rams QB Kurt Warner
100%
1999: 2 Rams QB Kurt Warner
100%
2024: 11 Rams RB Kyren Williams
100%
2006: 1 Chargers RB LaDainian Tomlinson
100%
2004: 6 Chargers RB LaDainian Tomlinson
100%
2003: 2 Chargers RB LaDainian Tomlinson
100%
2024: 2 Ravens QB Lamar Jackson
100%
2023: 4 Ravens QB Lamar Jackson
100%
2019: 2 Ravens QB Lamar Jackson
100%
1972: 1 Redskins RB Larry Brown
100%
1972: 2 Dolphins FB Larry Csonka
100%
2013: 2 Eagles RB LeSean McCoy
100%
2016: 6 Steelers RB Le'Veon Bell
100%
2014: 4 Steelers RB Le'Veon Bell
100%
1983: 6 Packers QB Lynn Dickey
100%
1985: 1 Raiders RB Marcus Allen
100%
1984: 3 Raiders RB Marcus Allen
100%
1982: 2 Raiders RB Marcus Allen
100%
2001: 1 Rams RB Marshall Faulk
100%
2000: 1 Rams RB Marshall Faulk
100%
1999: 1 Rams RB Marshall Faulk
100%
1998: 5 Colts RB Marshall Faulk
100%
2002: 2 Colts WR Marvin Harrison
100%
2025: 8 Rams QB Matthew Stafford
100%
2016: 1 Falcons QB Matt Ryan
100%
1991: 5 Cowboys WR Michael Irvin
100%
2019: 1 Saints WR Michael Thomas
100%
2008: 7 Falcons RB Michael Turner
100%
2010: 2 Eagles QB Michael Vick
100%
2004: 7 Falcons QB Michael Vick
100%
1990: 6 Bears RB Neal Anderson
100%
1976: 3 Bills RB O.J. Simpson
100%
1975: 2 Bills RB O.J. Simpson
100%
1974: 4 Bills RB O.J. Simpson
100%
1973: 1 Bills RB O. J. Simpson
100%
1972: 4 Bills RB O.J. Simpson
100%
2024: 18 Chiefs QB Patrick Mahomes
100%
2022: 2 Chiefs QB Patrick Mahomes
100%
2020: 2 Chiefs QB Patrick Mahomes
100%
2019: 4 Chiefs QB Patrick Mahomes
100%
2018: 1 Chiefs QB Patrick Mahomes
100%
2013: 1 Broncos QB Peyton Manning
100%
2012: 2 Broncos QB Peyton Manning
100%
2009: 3 Colts QB Peyton Manning
100%
2008: 2 Colts QB Peyton Manning
100%
2006: 3 Colts QB Peyton Manning
100%
2005: 2 Colts QB Peyton Manning
100%
2004: 1 Colts QB Peyton Manning
100%
2003: 3 Colts QB Peyton Manning
100%
2000: 8 Colts QB Peyton Manning
100%
1999: 4 Colts QB Peyton Manning
100%
2010: 4 Chargers QB Philip Rivers
100%
2009: 4 Chargers QB Philip Rivers
100%
2008: 4 Chargers QB Philip Rivers
100%
2003: 4 Chiefs RB Priest Holmes
100%
2002: 1 Chiefs RB Priest Holmes
100%
2001: 4 Chiefs RB Priest Holmes
100%
2025: 3 Rams WR Puka Nacua
100%
1998: 2 Vikings QB Randall Cunningham
100%
1990: 2 Rams QB Randall Cunningham
100%
1988: 3 Eagles QB Randall Cunningham
100%
2007: 2 Patriots WR Randy Moss
100%
2000: 6 Vikings WR Randy Moss
100%
1998: 3 Vikings WR Randy Moss
100%
2002: 3 Raiders QB Rich Gannon
100%
2000: 5 Raiders QB Rich Gannon
100%
2002: 4 Dolphins RB Ricky Williams
100%
2000: 7 Vikings RB Robert Smith
100%
2014: 5 Patriots TE Rob Gronkowski
100%
2010: 7 Falcons WR Roddy White
100%
1988: 1 49ers RB Roger Craig
100%
1985: 3 49ers RB Roger Craig
100%
1979: 5 Cowboys QB Roger Staubach
100%
2019: 5 Seahawks QB Russell Wilson
100%
2015: 3 Seahawks QB Russell Wilson
100%
2013: 6 Seahawks QB Russell Wilson
100%
2024: 1 Eagles RB Saquon Barkley
100%
2005: 1 Seahawks RB Shaun Alexander
100%
1996: 7 Packers WR Sterling Sharpe
100%
1993: 5 Packers WR Sterling Sharpe
100%
1992: 4 Packers WR Sterling Sharpe
100%
2003: 5 Titans QB Steve McNair
100%
2002: 5 Titans QB Steve McNair
100%
2006: 4 Rams RB Steven Jackson
100%
2008: 6 Panthers WR Steve Smith
100%
1998: 6 49ers QB Steve Young
100%
1994: 2 49ers QB Steve Young
100%
1993: 2 49ers QB Steve Young
100%
1992: 1 49ers QB Steve Young
100%
1998: 1 Broncos RB Terrell Davis
100%
1997: 2 Broncos RB Terrell Davis
100%
1996: 1 Broncos RB Terrell Davis
100%
2004: 3 Eagles WR Terrell Owens
100%
1978: 2 Steelers QB Terry Bradshaw
100%
1992: 5 Bills RB Thurman Thomas
100%
1991: 1 Bills RB Thurman Thomas
100%
2005: 3 Giants RB Tiki Barber
100%
2018: 3 Rams RB Todd Gurley
100%
2017: 1 Rams RB Todd Gurley
100%
2021: 3 Buccaneers QB Tom Brady
100%
2017: 3 Patriots QB Tom Brady
100%
2016: 4 Patriots QB Tom Brady
100%
2015: 4 Patriots QB Tom Brady
100%
2013: 4 Patriots QB Tom Brady
100%
2012: 3 Patriots QB Tom Brady
100%
2010: 1 Patriots QB Tom Brady
100%
2007: 1 Patriots QB Tom Brady
100%
2005: 4 Patriots QB Tom Brady
100%
1981: 2 Cowboys RB Tony Dorsett
100%
2014: 6 Cowboys QB Tony Romo
100%
2003: 6 Rams WR Torry Holt
100%
2023: 8 Jaguars RB Travis Etienne
100%
2022: 6 Chiefs TE Travis Kelce
100%
2020: 5 Chiefs TE Travis Kelce
100%
1993: 6 Cowboys QB Troy Aikman
100%
2023: 2 Dolphins WR Tyreek Hill
100%
2022: 4 Dolphins WR Tyreek Hill
100%
1998: 7 Jets QB Vinny Testaverde
100%
1985: 2 Bears RB Walter Payton
100%
1984: 5 Bears RB Walter Payton
100%
1977: 1 Bears RB Walter Payton
100%
1976: 9 Bears RB Walter Payton
100%
1990: 1 Oilers QB Warren Moon
100%
2007: 4 Patriots WR Wes Welker
100%
2022: 10 Chargers RB Austin Ekeler
50%
1975: 6 Redskins QB Billy Kilmer
50%
1981: 7 Lions RB Billy Sims
50%
1980: 2 Browns QB Brian Sipe
50%
1979: 3 Browns QB Brian Sipe
50%
1989: 4 Chiefs RB Christian Okoye
50%
1976: 5 Vikings RB Chuck Foreman
50%
1975: 4 Vikings RB Chuck Foreman
50%
1981: 6 Chargers RB Chuck Muncie
50%
2014: 1 Cowboys WR DeMarco Murray
50%
1972: 3 Dolphins QB Earl Morrall
50%
1976: 10 Vikings QB Fran Tarkenton
50%
1975: 1 Vikings QB Fran Tarkenton
50%
1972: 6 Raiders WR Fred Biletnikoff
50%
1995: 4 Lions WR Herman Moore
50%
1976: 7 Cardinals QB Jim Hart
50%
1986: 4 Giants RB Joe Morris
50%
2024: 10 Chiefs G Joe Thuney
50%
1973: 2 Rams QB John Hadl
50%
1979: 7 Patriots OG John Hannah
50%
1983: 4 Redskins RB John Riggins
50%
2024: 17 Eagles T Jordan Mailata
50%
1986: 7 Jets QB Ken O'Brien
50%
1976: 2 Raiders QB Ken Stabler
50%
1974: 1 Raiders QB Ken Stabler
50%
1972: 7 Dolphins OG Larry Little
50%
1976: 8 Colts RB Lydell Mitchell
50%
1975: 7 Colts RB Lydell Mitchell
50%
1982: 3 Redskins K Mark Moseley
50%
1991: 4 Redskins QB Mark Rypien
50%
1983: 7 Eagles WR Mike Quick
50%
1979: 4 Broncos RB Otis Armstrong
50%
1974: 2 Broncos RB Otis Armstrong
50%
2024: 13 Lions T Penei Sewell
50%
1992: 7 49ers RB Ricky Watters
50%
1976: 6 Patriots QB Steve Grogan
50%
1979: 8 Seahawks WR Steve Largent
50%
1975: 3 Cardinals RB Terry Metcalf
50%
1974: 3 Cardinals RB Terry Metcalf
50%
1986: 5 Raiders TE Todd Christensen
50%
2025: 7 Cardinals TE Trey McBride
50%
1982: 4 Chargers WR Wes Chandler
50%
1981: 8 Falcons RB William Andrews
50%
1981: 9 Chiefs RB Joe Delaney
0%
No matching quizzes found
Score Distribution
Percent of People with Each Score
Percentile by Number Answered
Your Score History
You have not taken this quiz since the last reset